000
00267nam a22001217a 4500
008
180122b xxu||||| |||| 00| 0 eng d
041
_a
eng
080
_2
11 ED
_a
34
100
_a
14
101
_a
JUR
245
_a
SECURITIES REGULATION
_c
JOHN.C.C
942
_2
udc
_c
BK
999
_c
40644
_d
40644